<?xml version="1.0" encoding="UTF-8"?>
<record
    xmlns:xsi="http://www.w3.org/2001/XMLSchema-instance"
    xsi:schemaLocation="http://www.loc.gov/MARC21/slim http://www.loc.gov/standards/marcxml/schema/MARC21slim.xsd"
    xmlns="http://www.loc.gov/MARC21/slim">

  <leader>00869nam a2200205 i 4500</leader>
  <controlfield tag="001">185196</controlfield>
  <controlfield tag="003">ES-MaACL</controlfield>
  <controlfield tag="005">20230906222352.0</controlfield>
  <controlfield tag="008">160406q1890    fr           |||| | fre d</controlfield>
  <datafield tag="110" ind1="2" ind2=" ">
    <subfield code="a">Librairie americaine et coloniale E. Dufoss&#xE9;.</subfield>
    <subfield code="9">159307</subfield>
  </datafield>
  <datafield tag="245" ind1="1" ind2="0">
    <subfield code="a">[Catalogue] N&#xBA; 11 : </subfield>
    <subfield code="b">Empire chinois et Japon : livres, cartes, atlas, documents, autographes, gravures.</subfield>
  </datafield>
  <datafield tag="260" ind1=" " ind2=" ">
    <subfield code="a">Paris : </subfield>
    <subfield code="b">Librairie americaine et coloniale E. Dufoss&#xE9;, </subfield>
    <subfield code="c">[ca. 1890]</subfield>
  </datafield>
  <datafield tag="300" ind1=" " ind2=" ">
    <subfield code="a">P. [875]-908 ; </subfield>
    <subfield code="c">21 cm.</subfield>
  </datafield>
  <datafield tag="594" ind1=" " ind2=" ">
    <subfield code="a">Precede al t&#xED;t.: Nouvelle s&#xE9;rie, XXIV, ann&#xE9;e.</subfield>
  </datafield>
  <datafield tag="610" ind1="2" ind2="4">
    <subfield code="a">Librairie americaine et coloniale E. Dufoss&#xE9;-</subfield>
    <subfield code="v">Cat&#xE1;logos.</subfield>
    <subfield code="9">159308</subfield>
  </datafield>
  <datafield tag="650" ind1=" " ind2="4">
    <subfield code="a">Libros-</subfield>
    <subfield code="v">Cat&#xE1;logos comerciales.</subfield>
    <subfield code="9">159004</subfield>
  </datafield>
  <datafield tag="651" ind1=" " ind2="4">
    <subfield code="a">China-</subfield>
    <subfield code="v">Bibliograf&#xED;as.</subfield>
    <subfield code="9">169790</subfield>
  </datafield>
  <datafield tag="651" ind1=" " ind2="4">
    <subfield code="a">Jap&#xF3;n-</subfield>
    <subfield code="v">Bibliograf&#xED;as.</subfield>
    <subfield code="9">170502</subfield>
  </datafield>
  <datafield tag="852" ind1="4" ind2=" ">
    <subfield code="a">ES-MaACL</subfield>
    <subfield code="j">T-968-F-8    </subfield>
    <subfield code="z">- Enc. en un vol. facticio</subfield>
  </datafield>
  <datafield tag="999" ind1=" " ind2=" ">
    <subfield code="c">185196</subfield>
    <subfield code="d">185196</subfield>
  </datafield>
  <datafield tag="952" ind1=" " ind2=" ">
    <subfield code="0">0</subfield>
    <subfield code="1">0</subfield>
    <subfield code="4">0</subfield>
    <subfield code="7">0</subfield>
    <subfield code="8">Colecci&#xF3;n_de_folletos</subfield>
    <subfield code="a">ATENEOM</subfield>
    <subfield code="b">ATENEOM</subfield>
    <subfield code="c">DEPOF</subfield>
    <subfield code="d">2016-04-06</subfield>
    <subfield code="e">SC</subfield>
    <subfield code="l">0</subfield>
    <subfield code="o">T-968-F-8</subfield>
    <subfield code="p">1195082</subfield>
    <subfield code="r">2023-02-23 00:00:00</subfield>
    <subfield code="w">2023-02-23</subfield>
    <subfield code="y">FOLLETOS</subfield>
  </datafield>
</record>
